| 000 | 00392nam a2200157Ia 4500 | ||
|---|---|---|---|
| 008 | 230524s9999 xx 000 0 und d | ||
| 082 |
_a174.4 _bIIC |
||
| 100 |
_aIndian Institue Corporate Affairs _942704 |
||
| 245 | 0 | _aCorporate Governance | |
| 250 | _a1 | ||
| 260 |
_aNew Delhi _bTaxman _c2016 |
||
| 300 | _a5.92p; | ||
| 500 | _aQuantity Number: 1 | ||
| 650 | _aManagement | ||
| 942 | _cBK | ||
| 999 |
_c57692 _d57692 |
||